Synonyms of movies #2 - Statistics

General Stats
  • This quiz has been taken 11 times
  • The average score is 2 of 11
Answer Stats
Hint Answer % Correct
Outside in sideways Inside out
75%
Loco crunch Coco
38%
giant balls of hot gas Boom Star wars
25%
Sunday Wednesday
25%
Cenard, shit producer Charlie and the chocolate factory
13%
Solid Frozen
13%
Not visible after 8pm The woman in black
13%
انکانتو Encanto
0%
Ooky spooky Incantation
0%
👵❌👧🕴️🚂🚂 The girl on the train
0%
The black-footed albatross The Goonies
0%
No matching quizzes found
Score Distribution
Percent of People with Each Score
Percentile by Number Answered
Your Score History
You have not taken this quiz